[Event "9th ECC w"]
[Site "Izmir TUR"]
[Date "2004.10.07"]
[Round "5"]
[White "Prudnikova,S"]
[Black "Javakhishvili,L"]
[Result "1/2-1/2"]
[WhiteElo "2402"]
[BlackElo "2423"]
[EventDate "2004.10.03"]

1. Nf3 Nf6 2. c4 e6 3. g3 a6 4. Bg2 b5 5. b3 Bb7 6. O-O c5 7. Bb2 Be7 8.
Na3 Qb6 9. d4 cxd4 10. Nxd4 Bxg2 11. Kxg2 Nc6 12. Nxc6 Qxc6+ 13. f3 O-O 14.
Qd3 Rfb8 15. Rfc1 b4 16. Nc2 Qb7 17. e4 d6 18. Qd4 Bf8 19. Ne1 Nd7 20. Nd3
a5 21. Rd1 a4 22. h4 Ra5 23. Qf2 Rba8 24. Qe1 Nc5 25. Nxc5 Rxc5 26. Rd2 d5
27. cxd5 exd5 28. e5 Qc6 29. Rc1 Rxc1 30. Qxc1 Qxc1 31. Bxc1 Rc8 32. Bb2 a3
33. Bd4 Rc1 34. Kf2 Be7 35. Ke2 f6 36. f4 Kf7 37. f5 fxe5 38. Bxe5 Bf6 39.
Bd4 Bxd4 40. Rxd4 Rc2+ 41. Ke3 Rxa2 42. Rxb4 Rb2 43. Kf4 h6 44. Ke5 a2 45.
Rb7+ Kf8 46. Ra7 Rxb3 47. g4 Rb4 48. g5 Rxh4 49. gxh6 Rxh6 50. Rxa2 Rh1 51.
Ra8+ Kf7 52. Ra7+ Kf8 53. Ra8+ Kf7 54. Ra7+ 1/2-1/2

[Event "9th ECC w"]
[Site "Izmir TUR"]
[Date "2004.10.07"]
[Round "5"]
[White "Benderac,A"]
[Black "Chistiakova,T"]
[Result "1/2-1/2"]
[WhiteElo "2299"]
[BlackElo "2301"]
[EventDate "2004.10.03"]

1. d4 d5 2. Nf3 Nf6 3. Bf4 c5 4. dxc5 Qa5+ 5. c3 Qxc5 6. Nbd2 Nc6 7. e3 g6
8. Nb3 Qb6 9. Bg5 Be6 10. Bxf6 exf6 11. Nfd4 Bd6 12. h4 a5 13. h5 a4 14.
Nd2 Nxd4 15. cxd4 a3 16. b3 Bb4 17. hxg6 fxg6 18. Rc1 Bf5 19. f3 Qa5 20. g4
Bd7 21. Bd3 O-O 22. Qe2 Rae8 23. Rd1 Bc3 24. Kf1 Rf7 25. Qf2 Bb5 26. Bxb5
Qxb5+ 27. Qe2 Qxe2+ 28. Kxe2 Bxd4 29. Nf1 Bxe3 30. Nxe3 Rfe7 31. Rd3 d4 32.
Rxd4 Rxe3+ 33. Kf2 Re2+ 34. Kg3 R8e7 35. Rg1 b5 36. Rd6 Rc2 37. Rxf6 Ree2
38. Kf4 Rcd2 39. Rb6 Rd4+ 40. Kg3 b4 41. Rc1 Rd7 42. Rxb4 Rxa2 43. Ra4 Rb7
1/2-1/2

[Event "9th ECC w"]
[Site "Izmir TUR"]
[Date "2004.10.07"]
[Round "5"]
[White "Matveeva,S"]
[Black "Maric,A"]
[Result "1/2-1/2"]
[WhiteElo "2437"]
[BlackElo "2418"]
[EventDate "2004.10.03"]

1. d4 Nf6 2. c4 e6 3. Nc3 Bb4 4. Qc2 O-O 5. a3 Bxc3+ 6. Qxc3 b6 7. Bg5 Bb7
8. f3 h6 9. Bh4 d5 10. e3 Nbd7 11. cxd5 Nxd5 12. Bxd8 Nxc3 13. Bh4 Nd5 14.
Bf2 c5 15. e4 Ne7 16. Bb5 Bc6 17. Bc4 cxd4 18. Bxd4 Rac8 19. Ne2 Bb7 20.
Rc1 Nc6 21. O-O 1/2-1/2

[Event "9th ECC w"]
[Site "Izmir TUR"]
[Date "2004.10.07"]
[Round "5"]
[White "Peptan,C"]
[Black "Zaiatz,E"]
[Result "0-1"]
[WhiteElo "2429"]
[BlackElo "2400"]
[EventDate "2004.10.03"]

1. e4 e5 2. Nf3 Nc6 3. Bb5 Nf6 4. d3 d6 5. O-O g6 6. d4 Bd7 7. Nc3 Bg7 8.
Bxc6 Bxc6 9. dxe5 dxe5 10. Nxe5 Qxd1 11. Rxd1 Nxe4 12. Nxc6 Nxc3 13. bxc3
bxc6 14. Bf4 Bxc3 15. Rab1 O-O 16. Bxc7 Rfe8 17. Rd3 Bf6 18. Kf1 Kg7 19.
Rd7 Re7 20. Rxe7 Bxe7 21. Rb7 Kf6 22. Bb8 a5 23. Rb6 Kf5 24. a4 Ke4 25. Rb7
Bc5 26. Bg3 Rf8 27. Rd7 Bb4 28. Ke2 h5 29. f3+ Kf5 30. Kd3 g5 31. c3 h4 32.
Bd6 Ra8 33. cxb4 Ke6 34. Rb7 Kxd6 35. b5 cxb5 36. Rxb5 f6 37. h3 Ra6 38.
Kd4 Ke6 39. Ke4 Rc6 40. Rxa5 Rc2 41. Ra6+ Kf7 42. Kf5 Rc5+ 43. Ke4 Rc2 44.
a5 Kg6 45. Rb6 Rxg2 46. a6 Ra2 47. Kd4 Kf5 48. Kc4 Kf4 49. Kb3 Ra1 50. Rb4+
Kg3 51. Ra4 Rb1+ 52. Kc4 Rb8 53. a7 Ra8 54. Kd4 Kxh3 55. Ke4 Kg3 56. Ra3 h3
57. f4+ Kg4 58. fxg5 h2 59. Ra1 fxg5 60. Ke3 Kg3 61. Ke4 Rxa7 62. Rb1 Re7+
63. Kf5 Re2 0-1

[Event "9th ECC w"]
[Site "Izmir TUR"]
[Date "2004.10.07"]
[Round "5"]
[White "Shaidullina,S"]
[Black "Chelushkina,I"]
[Result "1-0"]
[WhiteElo "2308"]
[BlackElo "2373"]
[EventDate "2004.10.03"]

1. d4 Nf6 2. c4 e6 3. Nf3 Bb4+ 4. Bd2 c5 5. Bxb4 cxb4 6. e3 O-O 7. Bd3 d5
8. Nbd2 b6 9. O-O Bb7 10. Rc1 Nc6 11. Qe2 Rc8 12. Rc2 Na5 13. Rfc1 Ne4 14.
cxd5 Rxc2 15. Rxc2 exd5 16. Ba6 Nxd2 17. Nxd2 Qd7 18. h3 g6 19. Bxb7 Nxb7
20. Nf3 Nd6 21. Ne5 Qb7 22. Qf3 Ne4 23. Qf4 Qe7 24. f3 Nd6 25. Nc6 Qd7 26.
Nxb4 Nf5 27. g4 Ng7 28. Nc6 f6 29. b4 g5 30. Qh2 Re8 31. Rc3 a6 32. a4 Ne6
33. Qa2 Kg7 34. b5 Qd6 35. Qh2 Qxh2+ 36. Kxh2 axb5 37. axb5 Ra8 38. Ne7
Ra2+ 39. Kg3 Rb2 40. Rc6 Kf7 41. Nxd5 h5 42. h4 hxg4 43. fxg4 gxh4+ 44.
Kxh4 Rxb5 45. Rxe6 Rxd5 46. Rxb6 Kg6 47. Kg3 Ra5 48. Kf4 Ra1 49. Rb8 Rf1+
50. Ke4 Rg1 51. Kf3 Rf1+ 52. Kg2 Rd1 53. Rb5 Kf7 54. Kf2 Kg6 55. Rd5 Kf7
56. Kf3 Rf1+ 57. Kg2 Rd1 58. Rf5 Ke6 59. Kf3 Rf1+ 60. Ke4 Rg1 61. Rf4 Re1
62. d5+ Ke7 63. Kf5 Kf7 64. e4 Re2 65. Rf1 Ke7 66. Kf4 Kd6 67. Ra1 Rf2+ 68.
Ke3 Rg2 69. Ra6+ Ke7 70. Ra7+ Kd6 71. Rg7 Rg1 72. Rf7 Rxg4 73. Rxf6+ Ke7
74. Re6+ Kd7 75. Kd4 Rg1 76. Rh6 Rg4 77. Rf6 Rh4 78. Ke5 Rh5+ 79. Rf5 Rh7
80. d6 Ke8 1-0

[Event "9th ECC w"]
[Site "Izmir TUR"]
[Date "2004.10.07"]
[Round "5"]
[White "Botvinnik,Ir"]
[Black "Slavina,I"]
[Result "1-0"]
[WhiteElo "2239"]
[BlackElo "2401"]
[EventDate "2004.10.03"]

1. c4 f5 2. Nc3 Nf6 3. g3 g6 4. Bg2 Bg7 5. Nf3 d6 6. O-O O-O 7. d4 Qe8 8.
Nd5 Nxd5 9. cxd5 Nd7 10. Ng5 Nb6 11. a4 a5 12. e3 h6 13. Ne6 Bxe6 14. dxe6
d5 15. Bd2 c6 16. b3 Rf6 17. Bc3 Qd8 18. g4 Rxe6 19. gxf5 gxf5 20. Qc2 Rf6
21. f4 Nc8 22. Be1 Nd6 23. Kh1 Rg6 24. Bf3 Bf6 25. b4 e6 26. bxa5 Nc4 27.
Qb3 c5 28. Rd1 cxd4 29. exd4 Qd7 30. Be2 Rc8 31. Bb4 Kh7 32. a6 bxa6 33.
Bc5 Be7 34. Bxe7 Qxe7 35. Rg1 Rxg1+ 36. Rxg1 Rg8 37. Rxg8 Kxg8 38. Bxc4
dxc4 39. Qxc4 Qb7+ 40. Kg1 Kf7 41. Kf2 a5 42. Kg3 Qd7 43. Kh4 Kf6 44. Qc5
Kg6 45. Qe5 Qe7+ 46. Kg3 Qa3+ 47. Kg2 Qb3 48. Kf2 Qc4 49. Ke3 Qa2 50. Kf3
Kh5 51. Ke3 Qxh2 52. Qxe6 Qg3+ 53. Ke2 Qxf4 54. d5 Qc4+ 55. Kf3 Qf1+ 56.
Ke3 Qe1+ 57. Kf4 Qf2+ 58. Ke5 f4 59. Qf5+ Kh4 60. Qxf4+ Qxf4+ 61. Kxf4 1-0

[Event "9th ECC w"]
[Site "Izmir TUR"]
[Date "2004.10.07"]
[Round "5"]
[White "Len,I"]
[Black "Demina,J"]
[Result "0-1"]
[WhiteElo "2105"]
[BlackElo "2336"]
[EventDate "2004.10.03"]

1. d4 Nf6 2. Nf3 e6 3. e3 c5 4. Bd3 b6 5. Qe2 Bb7 6. Nbd2 d6 7. O-O a6 8.
c3 Nbd7 9. e4 e5 10. Re1 g6 11. Nf1 Bg7 12. Bg5 h6 13. Bxf6 Qxf6 14. Ne3
cxd4 15. cxd4 exd4 16. Nc2 O-O 17. Ncxd4 Nc5 18. b4 Nxd3 19. Qxd3 Rac8 20.
Rad1 b5 21. Nb3 Rfd8 22. Qe3 Qe7 23. Na5 Ba8 24. Nd4 Rc7 25. h3 Rdc8 26.
Qf4 Kh7 27. Qd2 Be5 28. f4 Bg7 29. Nf3 Bc3 30. Qxd6 Qxd6 31. Rxd6 Bxb4 32.
Rxa6 Bxe1 33. Nxe1 Bxe4 34. Rb6 Rc1 35. Kf2 Rb1 36. Nb3 Ra8 37. Nf3 Rxa2+
38. Nfd2 Rxb3 0-1

[Event "9th ECC w"]
[Site "Izmir TUR"]
[Date "2004.10.07"]
[Round "5"]
[White "Polovnikova,E"]
[Black "Vovinkina,N"]
[Result "1-0"]
[WhiteElo "2407"]
[BlackElo "2156"]
[EventDate "2004.10.03"]

1. e4 e5 2. Nf3 Qe7 3. Bc4 h6 4. O-O d6 5. d4 Nf6 6. Nc3 c6 7. h3 Qc7 8.
Nh4 g5 9. dxe5 dxe5 10. Qf3 Nbd7 11. Nf5 b5 12. Bb3 Nc5 13. Be3 Ne6 14. g3
Rg8 15. Bxe6 Bxe6 16. Nxh6 Bxh6 17. Qxf6 Bf8 18. g4 Rg6 19. Qf3 O-O-O 20.
Rfd1 Bd6 21. Ne2 Rh8 22. Kh2 Rgh6 23. Ng1 Be7 24. Qe2 Bc4 25. Qd2 f6 26. f3
Be6 27. Qf2 Kb7 28. a4 b4 29. Bc5 a5 30. Rd2 Rd8 31. Rad1 Rhh8 32. Bxe7
Rxd2 33. Qxd2 Qxe7 34. Qd6 Qxd6 35. Rxd6 Re8 36. Ne2 b3 37. cxb3 Kc7 38.
Rd3 Rb8 39. Nc1 c5 40. Rc3 Kd6 41. Kg3 c4 42. bxc4 Rxb2 43. h4 gxh4+ 44.
Kxh4 Rh2+ 45. Kg3 Rb2 46. Nd3 Ra2 47. c5+ Kc7 48. c6 Bc8 49. g5 fxg5 50.
Nxe5 Rxa4 51. Ng4 Rd4 52. Nf6 Kd6 53. c7 Rb4 54. Rd3+ 1-0

[Event "9th ECC w"]
[Site "Izmir TUR"]
[Date "2004.10.07"]
[Round "5"]
[White "Shadrina,T"]
[Black "Bar Shalom,O"]
[Result "1-0"]
[WhiteElo "2401"]
[BlackElo "2080"]
[EventDate "2004.10.03"]

1. e4 c5 2. Nf3 d6 3. d4 cxd4 4. Nxd4 Nf6 5. Nc3 a6 6. Bg5 e6 7. f4 Be7 8.
Qf3 Qc7 9. O-O-O O-O 10. g4 Nbd7 11. Bxf6 Nxf6 12. g5 Nd7 13. Rg1 b5 14. f5
b4 15. Nce2 Ne5 16. Qh3 exf5 17. exf5 Qa5 18. Kb1 Bd7 19. Nf4 Rfc8 20. Bg2
Rab8 21. Bd5 g6 22. Nde6 Ba4 23. Rg2 b3 24. axb3 Be8 25. Qh6 1-0

[Event "9th ECC w"]
[Site "Izmir TUR"]
[Date "2004.10.07"]
[Round "5"]
[White "Jiretorn,E"]
[Black "Zdebskaja,N"]
[Result "0-1"]
[WhiteElo "2145"]
[BlackElo "2321"]
[EventDate "2004.10.03"]

1. Nf3 Nf6 2. c4 e6 3. g3 b6 4. Bg2 Bb7 5. O-O Be7 6. Nc3 O-O 7. Re1 c5 8.
e4 d6 9. d4 cxd4 10. Nxd4 Qc8 11. b3 Nc6 12. Nc2 a6 13. Bb2 Qc7 14. Ne3
Rad8 15. Rc1 Qb8 16. f4 Nd7 17. Ned5 exd5 18. exd5 Nce5 19. fxe5 Nxe5 20.
Rc2 Bc8 21. Rf2 Bg4 22. Qd4 Bh5 23. h3 Bg6 24. Be4 Bxe4 25. Nxe4 f5 26. Nc3
f4 27. gxf4 Bh4 28. Ref1 Bxf2+ 29. Rxf2 Ng6 30. Ne4 Rd7 31. Ng5 b5 32. Ne6
Rff7 33. f5 Ne7 34. c5 dxc5 35. Nxc5 Nc6 36. Qe4 Rde7 37. Ne6 Nd8 38. Be5
Qb6 39. Bd4 Qb7 40. Rg2 Qc7 41. Be5 Qc1+ 42. Kh2 Qf1 43. Nxd8 Rxf5 44. Ne6
Rf2 45. Bg3 Rxg2+ 46. Qxg2 Qf5 47. Qf2 Qxf2+ 48. Bxf2 Rd7 49. Nc5 Rxd5 50.
Nxa6 Rd2 51. Nb4 Rxf2+ 52. Kg3 Rb2 53. Kf4 Kf7 54. Ke5 Rh2 55. Kd6 Rxh3 56.
Kc5 Rh5+ 57. Kb6 g5 58. a4 bxa4 59. bxa4 g4 60. Nd3 g3 61. Nf4 Rf5 62. Ne2
g2 63. a5 Rf1 0-1

[Event "9th ECC w"]
[Site "Izmir TUR"]
[Date "2004.10.07"]
[Round "5"]
[White "Kononenko,T"]
[Black "Johansson,V"]
[Result "0-1"]
[WhiteElo "2305"]
[BlackElo "2189"]
[EventDate "2004.10.03"]

1. d4 d5 2. c4 c6 3. e3 Bf5 4. Nc3 e6 5. Nf3 Nf6 6. Nh4 Bg6 7. Qb3 Qc7 8.
Nxg6 hxg6 9. Bd2 Nbd7 10. cxd5 exd5 11. h3 Be7 12. O-O-O b5 13. Qc2 Qb7 14.
Bd3 Nb6 15. Kb1 Kf8 16. g4 a5 17. g5 Ne8 18. e4 a4 19. e5 b4 20. Ne2 b3 21.
axb3 axb3 22. Qxb3 Rb8 23. Bc1 Nc7 24. Nf4 Bxg5 25. Nxg6+ fxg6 26. Bxg5 Ne6
27. Bc1 Qa7 28. Qc3 Ra8 29. Bxg6 Nc4 30. Rd3 Ke7 31. Bf5 Rhb8 32. Bxe6 Kxe6
33. Rg1 Qa1+ 34. Kc2 Rxb2+ 35. Kd1 Rxf2 36. Qxa1 Rxa1 37. Rb3 Rd2+ 0-1

[Event "9th ECC w"]
[Site "Izmir TUR"]
[Date "2004.10.07"]
[Round "5"]
[White "Miloradovic,J"]
[Black "Borisova,B"]
[Result "1/2-1/2"]
[WhiteElo "2133"]
[BlackElo "2148"]
[EventDate "2004.10.03"]

1. Nf3 Nf6 2. g3 b6 3. Bg2 Bb7 4. c4 e6 5. O-O Be7 6. b3 O-O 7. Bb2 d5 8.
e3 c5 9. Na3 Nc6 10. d3 Rc8 11. Qe2 Nb4 12. Rfd1 Qe8 13. Ne5 a6 14. cxd5
exd5 15. Nac4 Qd8 16. Nd2 Rc7 17. f4 b5 18. Ndf3 Bc8 19. a3 Nc6 20. Nxc6
Rxc6 21. Ne5 Rc7 22. Bc3 b4 23. Bb2 Ne8 24. axb4 f6 25. Nf3 cxb4 26. Nd4
Bc5 27. Qf3 Kh8 28. Qxd5 Qe7 29. Re1 Bb7 30. Qe6 Bxg2 31. Qxe7 Rxe7 32.
Kxg2 Nc7 33. Kf3 Rfe8 34. Rac1 Bxd4 35. Bxd4 Ne6 36. Bb6 Kg8 37. Rc4 Rb7
38. Ba5 Rb5 39. Bxb4 a5 40. Bc3 Rxb3 41. Ra1 Ra8 42. Rxa5 Rxa5 43. Bxa5
Rxd3 44. h4 f5 45. Bc3 Kf7 46. Be5 g6 47. Rc8 Rd8 48. Rc4 Rd7 49. Rc8 Rd8
50. Rc3 h6 51. Ra3 Rd7 52. Ra8 Nc5 53. Bd4 Ne4 54. Rh8 h5 55. Rh7+ Ke6 56.
Rh6 Kf7 57. Rh7+ Ke6 58. Rxd7 Kxd7 59. Bb6 Kc6 60. Bd8 Kc5 61. Bc7 Kc4 62.
Bb6 Kd3 63. Ba7 1/2-1/2

[Event "9th ECC w"]
[Site "Izmir TUR"]
[Date "2004.10.08"]
[Round "6"]
[White "Dzagnidze,N"]
[Black "Ovod,E"]
[Result "1/2-1/2"]
[WhiteElo "2484"]
[BlackElo "2301"]
[EventDate "2004.10.03"]

1. Nf3 c5 2. b3 b6 3. Bb2 Bb7 4. e3 e6 5. Be2 Nf6 6. O-O Be7 7. d4 O-O 8.
Nbd2 d6 9. Re1 Nbd7 10. Bd3 Rc8 11. a4 Nd5 12. a5 Nb4 13. axb6 axb6 14. Ne4
cxd4 15. exd4 Nf6 16. c3 Nxd3 17. Nxf6+ Bxf6 18. Qxd3 Bxf3 19. Qxf3 d5 20.
h3 Qd7 21. Qd3 Ra8 22. Ra6 Rxa6 23. Qxa6 Qc6 24. Ra1 g6 25. Qa4 Qxa4 26.
Rxa4 Rc8 27. Ra6 Bd8 28. Kf1 Kf8 29. Ke2 Ke8 30. Kd3 Kd7 31. Ra7+ Rc7 32.
Ra8 Rc8 33. Ra7+ Rc7 34. Ra6 Rc8 35. Ba3 Kc6 36. Ra7 Bc7 37. Bc1 h5 38. Bg5
b5 39. Be7 Bb6 40. Ra2 Kb7 41. Bd6 Ra8 42. Rxa8 Kxa8 43. Be7 1/2-1/2

[Event "9th ECC w"]
[Site "Izmir TUR"]
[Date "2004.10.08"]
[Round "6"]
[White "Javakhishvili,L"]
[Black "Dushenok,A"]
[Result "1/2-1/2"]
[WhiteElo "2423"]
[BlackElo "2238"]
[EventDate "2004.10.03"]

1. d4 Nf6 2. c4 c5 3. d5 d6 4. Nc3 g6 5. e4 Bg7 6. Nf3 O-O 7. h3 e6 8. Bd3
exd5 9. exd5 Re8+ 10. Be3 Nbd7 11. O-O a6 12. Qd2 b6 13. Rae1 Bb7 14. Bf4
Qc7 15. Ng5 Ne5 16. Nge4 Nxe4 17. Nxe4 f5 18. Ng5 Bc8 19. Bg3 Bd7 20. b3 h6
21. Ne6 Bxe6 22. dxe6 Re7 23. Bc2 Rae8 24. Qd5 Qc8 25. f4 Nc6 26. Bh4 Rxe6
27. Rxe6 Rxe6 28. g4 Bd4+ 29. Kh1 Nb4 30. Qg2 Nxc2 31. Qxc2 Qc6+ 32. Qg2
Qxg2+ 33. Kxg2 fxg4 34. hxg4 Re2+ 35. Kf3 Rxa2 36. Ke4 Rb2 37. Rf3 b5 38.
Kd5 b4 39. Be7 Bc3 40. Bxd6 Rxb3 41. Re3 Rb1 42. Re8+ Kf7 43. Re7+ Kg8 44.
Re8+ Kf7 45. Re7+ Kg8 46. Re8+ 1/2-1/2

[Event "9th ECC w"]
[Site "Izmir TUR"]
[Date "2004.10.08"]
[Round "6"]
[White "Molchanova,T"]
[Black "Matnadze,A"]
[Result "1/2-1/2"]
[WhiteElo "2298"]
[BlackElo "2338"]
[EventDate "2004.10.03"]

1. e4 c5 2. Nf3 d6 3. d4 cxd4 4. Nxd4 Nf6 5. Nc3 Nc6 6. h3 Nxd4 7. Qxd4 g6
8. Bc4 Bg7 9. Bg5 O-O 10. Qd2 Be6 11. Bb3 b5 12. f3 Rb8 13. Ne2 Bc4 14. c3
Qc7 15. O-O Rfc8 16. Rfe1 a5 17. Be3 a4 18. Bxc4 Qxc4 19. a3 Nd7 20. Nf4
Nc5 21. Rad1 Rb7 22. Nd5 e6 23. Nb4 Be5 24. Bf4 Nb3 25. Qe3 Bxf4 26. Qxf4
Qc5+ 27. Kh1 Na5 28. Nd3 Qb6 29. Re2 Nc4 30. Nf2 Qc5 31. Ng4 h5 32. Nf2 g5
33. Qf6 Qe5 34. Qh6 Qg7 35. Qxh5 Kf8 36. Ng4 Rc5 37. Ne3 Ke7 38. Nxc4 bxc4
39. Qg4 Qe5 40. g3 Rcb5 41. Rdd2 Rb8 42. f4 Qh8 43. f5 Re5 44. Kg2 Qh6 45.
fxe6 Qxe6 46. Qxe6+ fxe6 47. Rd4 d5 48. Red2 Rxe4 49. Rxe4 dxe4 50. h4 gxh4
51. gxh4 Kf6 52. Kg3 Ke5 53. Rh2 Rf8 54. h5 e3 55. h6 Ke4 56. h7 Rh8 57.
Kg2 Kd3 58. Kf1 e5 59. Ke1 e2 60. Rh3+ Kc2 61. Kxe2 Kxb2 62. Kd2 Rd8+ 63.
Ke2 Rh8 64. Kd2 Rd8+ 65. Ke2 Rh8 66. Kd2 1/2-1/2

[Event "9th ECC w"]
[Site "Izmir TUR"]
[Date "2004.10.08"]
[Round "6"]
[White "Sirotkina,N"]
[Black "Lomineishvili,M"]
[Result "0-1"]
[WhiteElo "2221"]
[BlackElo "2429"]
[EventDate "2004.10.03"]

1. d4 Nf6 2. c4 e6 3. Nc3 Bb4 4. Qc2 O-O 5. a3 Bxc3+ 6. Qxc3 b6 7. Bg5 Bb7
8. f3 d6 9. e3 Nbd7 10. Bd3 Rc8 11. Ne2 c5 12. O-O cxd4 13. Qxd4 Rc5 14.
Bh4 Ne5 15. b4 Rc7 16. Rac1 Qe7 17. Bb1 Rfc8 18. Ba2 Ba6 19. b5 Bb7 20. a4
Rc5 21. e4 Qc7 22. Bxf6 gxf6 23. f4 Nxc4 24. Rc3 e5 25. fxe5 dxe5 26. Rg3+
Kh8 27. Qf2 Qd8 28. Qf3 Nd2 29. Qg4 Qf8 30. Qh4 Nxe4 31. Bb1 Rc2 32. Bxc2
Rxc2 33. Re3 Qc5 34. Qh6 Rxe2 35. Kh1 Nf2+ 36. Rxf2 Qc1+ 0-1

[Event "9th ECC w"]
[Site "Izmir TUR"]
[Date "2004.10.08"]
[Round "6"]
[White "Demina,J"]
[Black "Shaidullina,S"]
[Result "1-0"]
[WhiteElo "2336"]
[BlackElo "2308"]
[EventDate "2004.10.03"]

1. d4 d5 2. c4 c6 3. Nf3 Nf6 4. e3 Bg4 5. Nc3 e6 6. h3 Bxf3 7. Qxf3 Nbd7 8.
Bd2 Be7 9. O-O-O dxc4 10. Bxc4 b5 11. Bb3 a5 12. Kb1 a4 13. Bc2 Nd5 14.
Nxd5 cxd5 15. e4 Nb6 16. Qg4 Kf8 17. f4 b4 18. f5 b3 19. axb3 a3 20. fxe6
Qc8 21. Bd3 axb2 22. Qf5 f6 23. exd5 Ra7 24. Qh5 Bd6 25. Kxb2 Ba3+ 26. Kb1
Qa8 27. Rhf1 Nxd5 28. Bc4 Nb6 29. Qf3 Qc8 30. Bb5 Rc7 31. Qe4 Ke7 32. Be3
Rc3 33. d5 1-0

[Event "9th ECC w"]
[Site "Izmir TUR"]
[Date "2004.10.08"]
[Round "6"]
[White "Slavina,I"]
[Black "Matveeva,S"]
[Result "1-0"]
[WhiteElo "2401"]
[BlackElo "2437"]
[EventDate "2004.10.03"]

1. d4 d5 2. c4 dxc4 3. Nf3 e6 4. e3 a6 5. Bxc4 c5 6. O-O Nf6 7. Bd3 Nbd7 8.
Re1 b5 9. a4 bxa4 10. e4 cxd4 11. e5 Nd5 12. Rxa4 Bb4 13. Bd2 Bxd2 14.
Nbxd2 Nc5 15. Rxd4 Nxd3 16. Rxd3 Bd7 17. Ne4 O-O 18. Qd2 Bb5 19. Rd4 Qe7
20. Nd6 Rab8 21. Ng5 h6 22. Nge4 f5 23. exf6 Nxf6 24. Nc5 e5 25. f4 Ng4 26.
h3 Qf6 27. Rd5 Bc6 28. hxg4 Bxd5 29. Qxd5+ Kh8 30. Nd7 Qh4 31. Rf1 exf4 32.
Nxb8 Rxb8 33. Nf7+ Kh7 34. Qf5+ Kg8 35. Qxf4 Rxb2 36. Qe5 Rb5 37. Qe8+ Kh7
38. Qe4+ Kg8 39. Qa8+ Kh7 40. Qxa6 Rb8 41. Qd3+ Kg8 42. Qd6 Re8 43. Qd5 Kh7
44. Qf5+ g6 45. Ng5+ 1-0

[Event "9th ECC w"]
[Site "Izmir TUR"]
[Date "2004.10.08"]
[Round "6"]
[White "Zaiatz,E"]
[Black "Polovnikova,E"]
[Result "1/2-1/2"]
[WhiteElo "2400"]
[BlackElo "2407"]
[EventDate "2004.10.03"]

1. d4 d5 2. c4 e6 3. Nc3 c6 4. e4 dxe4 5. Nxe4 Bb4+ 6. Bd2 Qxd4 7. Bxb4
Qxe4+ 8. Be2 Na6 9. Ba5 f6 10. Qd8+ Kf7 11. O-O-O e5 12. Bd3 Qg4 13. Be2
Qe4 14. Bd3 Qg4 15. Be2 Qe4 1/2-1/2

[Event "9th ECC w"]
[Site "Izmir TUR"]
[Date "2004.10.08"]
[Round "6"]
[White "Chelushkina,I"]
[Black "Miloradovic,J"]
[Result "1-0"]
[WhiteElo "2373"]
[BlackElo "2133"]
[EventDate "2004.10.03"]

1. c4 Nf6 2. Nc3 c5 3. g3 Nc6 4. Bg2 g6 5. d3 Bg7 6. e4 d6 7. Nge2 O-O 8.
O-O Ne8 9. Rb1 Nc7 10. a3 Rb8 11. b4 cxb4 12. axb4 b5 13. Be3 bxc4 14. b5
cxd3 15. Qxd3 Ne5 16. Qd1 a5 17. Nd4 Ne6 18. h3 Nxd4 19. Bxd4 Bb7 20. Na4
Qd7 21. f4 Bxe4 22. Bxe4 Qxh3 23. fxe5 Qxg3+ 24. Bg2 dxe5 25. Bf2 Qg5 26.
Nc5 Rbd8 27. Qb3 h5 28. b6 e4 29. Nxe4 Qg4 30. Qf3 Qe6 31. b7 Be5 32. Rfd1
Bb8 33. Rxd8 Rxd8 34. Rd1 Rxd1+ 35. Qxd1 Kg7 36. Qa1+ 1-0

[Event "9th ECC w"]
[Site "Izmir TUR"]
[Date "2004.10.08"]
[Round "6"]
[White "Kizova,S"]
[Black "Benderac,A"]
[Result "1/2-1/2"]
[WhiteElo "2124"]
[BlackElo "2299"]
[EventDate "2004.10.03"]

1. d4 d5 2. Nf3 Nf6 3. g3 c6 4. Bg2 h6 5. O-O Bf5 6. b3 e6 7. Bb2 Nbd7 8.
Nbd2 Qc7 9. c4 Be7 10. Re1 O-O 11. Qc1 Rfe8 12. Ne5 Rac8 13. Nxd7 Qxd7 14.
Nf3 Qc7 15. Ba3 Be4 16. Bxe7 Qxe7 17. Nd2 Bxg2 18. Kxg2 e5 19. dxe5 Qxe5
20. Nf3 Qe4 21. Qc3 Qf5 22. Nd2 dxc4 23. Qxc4 Qd5+ 24. Qxd5 cxd5 25. Nf3
Re4 26. e3 Re7 27. Rac1 Rec7 28. Rxc7 Rxc7 29. Nd4 a6 30. Re2 Kf8 31. Rc2
Rxc2 32. Nxc2 Ke7 33. Nd4 g6 34. f3 Kd6 35. Kf2 Nd7 1/2-1/2

[Event "9th ECC w"]
[Site "Izmir TUR"]
[Date "2004.10.08"]
[Round "6"]
[White "Maric,A"]
[Black "Kononenko,T"]
[Result "1-0"]
[WhiteElo "2418"]
[BlackElo "2305"]
[EventDate "2004.10.03"]

1. d4 d5 2. c4 c6 3. cxd5 cxd5 4. Nc3 Nf6 5. Bf4 Be6 6. e3 Bg4 7. f3 Bd7 8.
Bd3 e6 9. g4 a6 10. Nge2 Be7 11. h4 h6 12. Kf2 Qb6 13. Qd2 Bb4 14. a3 Bd6
15. Bb1 Bxf4 16. Nxf4 Nc6 17. b4 Ne7 18. Bd3 h5 19. g5 Nfg8 20. Rhc1 g6 21.
Kg1 Kf8 22. Qh2 Rc8 23. Rc2 Kg7 24. Rac1 Qd8 25. Nfe2 Nc6 26. Na4 Nge7 27.
Nc5 Rc7 28. Qf4 Nc8 29. Nc3 N8a7 30. e4 dxe4 31. fxe4 Re8 32. d5 exd5 33.
Nxd5 Re5 34. Qf6+ 1-0

[Event "9th ECC w"]
[Site "Izmir TUR"]
[Date "2004.10.08"]
[Round "6"]
[White "Bar Shalom,O"]
[Black "Horn,E"]
[Result "1-0"]
[WhiteElo "2080"]
[BlackElo "2046"]
[EventDate "2004.10.03"]

1. e4 e5 2. Nf3 Nc6 3. Bb5 a6 4. Bxc6 dxc6 5. O-O f6 6. d4 Bg4 7. dxe5 Qxd1
8. Rxd1 fxe5 9. Nbd2 O-O-O 10. Re1 Bd6 11. h3 Bxf3 12. Nxf3 h6 13. Bd2 Ne7
14. Rad1 g5 15. Be3 c5 16. Nd2 Nc6 17. c3 Be7 18. Nf1 b5 19. Ng3 Rhe8 20.
Nf5 Bf8 21. h4 gxh4 22. Nxh4 c4 23. Nf5 Re6 24. Rxd8+ Nxd8 25. f3 Nf7 26.
Kf2 Nd6 27. Rh1 Rf6 28. g4 Nxf5 29. gxf5 Kb7 30. f4 exf4 31. Bxf4 a5 32.
Be5 Rf7 33. Kf3 Rd7 34. Bd4 c5 35. Be3 b4 36. Rc1 Rd3 37. cxb4 h5 38. Rxc4
axb4 39. Ke2 Rd7 40. Bxc5 Bh6 41. Rxb4+ Kc7 42. Rd4 Rg7 43. Rd6 Bf4 44. Rg6
Rd7 45. Be3 Be5 46. Rh6 Bxb2 47. Rxh5 Re7 48. Kf3 Kc6 49. Rh6+ Kc7 50. Ra6
Re8 51. Rg6 Rf8 52. Rg2 Ba3 53. Bd4 Kd7 54. Rg7+ Kc6 55. Ra7 Bb4 56. a4 Rd8
57. Ra6+ Kd7 58. e5 Ke7 59. Ke4 Ke8 60. Ra7 Kf8 61. e6 Ke8 62. Rh7 Rd6 63.
Ke5 Ra6 64. Rh8+ Bf8 65. Bc5 Kd8 66. Rxf8+ Kc7 67. Rf7+ Kc6 68. Ra7 1-0

[Event "9th ECC w"]
[Site "Izmir TUR"]
[Date "2004.10.08"]
[Round "6"]
[White "Borisova,B"]
[Black "Len,I"]
[Result "1-0"]
[WhiteElo "2148"]
[BlackElo "2105"]
[EventDate "2004.10.03"]

1. Nf3 f5 2. d4 Nf6 3. g3 e6 4. Bg2 Be7 5. O-O O-O 6. b3 d5 7. c4 c6 8. Qc2
Qe8 9. Bf4 Ne4 10. Ne5 g5 11. Bc1 Nd7 12. f3 Nd6 13. Nd3 Qg6 14. e3 Nf6 15.
Ne5 Qg7 16. Nc3 Bd7 17. Bd2 Be8 18. Rae1 Nf7 19. Nd3 h5 20. e4 dxe4 21.
fxe4 Ng4 22. Ne2 Bf6 23. e5 Be7 24. h3 Ngh6 25. Nc3 f4 26. gxf4 Nf5 27. Ne2
g4 28. Kh1 N7h6 29. Nf2 Bg6 30. Qc3 Bh4 31. Rd1 Rad8 32. Ne4 Rfe8 33. Be1
Bxe1 34. Rfxe1 Re7 35. Nf6+ Kh8 36. Rg1 Nh4 37. Ng3 Nxg2 38. Kxg2 h4 39.
Nf1 g3 40. Nd2 Nf5 41. Nde4 Qh6 42. Rgf1 Ng7 43. Ng5 Nh5 44. Qe3 Bf5 45.
Nfe4 Rg8 46. d5 cxd5 47. cxd5 exd5 48. Rxd5 Rxg5 49. fxg5 Qe6 50. Rd8+ Kg7
51. Nf6 Nf4+ 52. Rxf4 Qc6+ 53. Rf3 Qc2+ 54. Qd2 Rxe5 55. Qxc2 Bxc2 56. Rd7+
Kg6 57. Rd2 Kxg5 58. Ng8 Be4 59. Rd4 Bc6 60. Rdf4 Bxf3+ 1-0

[Event "9th ECC w"]
[Site "Izmir TUR"]
[Date "2004.10.08"]
[Round "6"]
[White "Johansson,V"]
[Black "Botvinnik,Ir"]
[Result "1-0"]
[WhiteElo "2189"]
[BlackElo "2239"]
[EventDate "2004.10.03"]

1. d4 d5 2. Nf3 Nf6 3. c4 dxc4 4. e3 a6 5. Bxc4 e6 6. O-O b5 7. Be2 Nbd7 8.
b3 Bb7 9. a4 b4 10. Bb2 c5 11. Nbd2 Be7 12. Nc4 O-O 13. Rc1 a5 14. Nfe5
cxd4 15. exd4 Nb6 16. f4 Nbd5 17. Qd3 g6 18. h4 Re8 19. h5 Bf8 20. hxg6
hxg6 21. Nxf7 Kxf7 22. Ne5+ Ke7 23. Qxg6 Qd6 24. Qf7+ Kd8 25. Bb5 Be7 26.
Qxe8+ 1-0

[Event "9th ECC w"]
[Site "Izmir TUR"]
[Date "2004.10.08"]
[Round "6"]
[White "Vovinkina,N"]
[Black "Jiretorn,E"]
[Result "1-0"]
[WhiteElo "2156"]
[BlackElo "2145"]
[EventDate "2004.10.03"]

1. d4 Nf6 2. Nc3 d5 3. e4 Nxe4 4. Nxe4 dxe4 5. f3 exf3 6. Nxf3 g6 7. Bc4
Bg7 8. c3 O-O 9. Be3 Nd7 10. Qd2 e5 11. Bg5 Qe8 12. O-O e4 13. Rae1 Kh8 14.
Bf4 Nb6 15. Bb3 Qe7 16. Qe3 f5 17. Ng5 Bf6 18. Qg3 c6 19. Bd6 Qd8 20. Nf7+
Rxf7 21. Bxf7 Bg7 22. h4 Bd7 23. h5 gxh5 24. Be5 Qf8 25. Bxh5 Bxe5 26.
Qxe5+ Qg7 27. Qxg7+ Kxg7 28. Bd1 Rd8 29. Kf2 Nd5 30. g3 e3+ 31. Kf3 b5 32.
Bc2 Rf8 33. a4 a6 34. axb5 axb5 35. Ra1 Be8 36. Bb3 Bf7 37. Bxd5 Bxd5+ 38.
Kxe3 Kf6 39. Kf4 Kg6 40. Rfe1 Be4 41. g4 h5 42. gxh5+ Kxh5 43. Rg1 Kh6 44.
Rge1 Kh7 45. Ra3 Kh6 46. Ke5 c5 47. d5 Bc2 48. Ra6+ Kh5 49. d6 f4 50. Rf1
1-0